Geography Quiz

Random Geography or City Quiz

Quick Pick: Italian Regions, Not Cities Quiz Stats

 Plays Quiz not verified by Sporcle

Challenge
Share
Tweet
Embed
Score 0/12 Timer 01:00
0 Plays Today
% Correct
Lombardy
93.8%
Emilia-Romagna
93.2%
Tuscany
92.9%
Campania
91.9%
Abruzzo
89.9%
Friuli-Venezia Giulia
89.9%
Calabria
89.3%
Piedmont
88.6%
Umbria
85.7%
Lazio
85.4%
Liguria
84.4%
Basilicata
78.6%

You're not logged in!

Compare scores with friends on all Sporcle quizzes.
Join for Free
OR
Log In

You Might Also Like...

Show Comments

Extras

Top Quizzes Today


Score Distribution

Your Account Isn't Verified!

In order to create a playlist on Sporcle, you need to verify the email address you used during registration. Go to your Sporcle Settings to finish the process.

Report this User

Report this user for behavior that violates our Community Guidelines.

Details: